000 00838cam a2200301 i 4500
001 0000899
003 DO-SdBNP
005 20161207151543.0
007 0000899
008 100514s 2006 xxc a | |||| 000 f spa
015 _a
017 _a
_b
020 _a9782764116616
035 _a
040 _aBPMSU
_bspa
_cBPMSU
_e
080 _a
100 1 _aBrierley, Jane
245 1 0 _aHistorias del antiguo testamento /
_h
_cJane Brierley ; ilustración Aleksandr Lebedev ; traducción Gloria Jaramillo
260 _aCanada :
_bLexus,
_c2006.
300 _a[10] p.:
_bil.
_c28 cm.
490 0 _aRecrea y aprende
500 _aLibro de paginas de cartón.
700 1 2 _aLebedev, Aleksandr
_eil.
700 1 2 _aJaramillo, Gloria
_etrad.
830 0 _aRecrea y aprende
942 _2ddc
_cBK
956 _aYLOCKWARD
_810
_cBPMSU
999 _c12357
_d12357